000 00480nam a22001937a 4500
003 MPLRDC
005 20220104125448.0
008 210129b ||||| |||| 00| 0 eng d
020 _a986-7103-70-X
082 _a411.12 MGP
100 _a马国屏
245 _a马伯伯的养生气功
_c
250 _a初版
260 _a台湾
_b汉宇国际文化有限公司
_c2006
300 _b255
490 _a生活智慧王: 6
650 _a呼吸法
942 _cBK
_o411.12 MGP
999 _c27560
_d27550